New Trends in Risk Management (Record no. 345244)

000 -LEADER
fixed length control field 00425 a2200169 4500
020 ## - INTERNATIONAL STANDARD BOOK NUMBER
International Standard Book Number 817611409X
022 ## - INTERNATIONAL STANDARD SERIAL NUMBER
International Standard Serial Number 9788176114097
082 ## - DEWEY DECIMAL CLASSIFICATION NUMBER
Classification number 658.155
090 ## - LOCALLY ASSIGNED LC-TYPE CALL NUMBER (OCLC); LOCAL CALL NUMBER (RLIN)
-- 2753
-- 2753
100 ## - MAIN ENTRY--PERSONAL NAME
Personal name Tayal,Pravin Kumar
245 ## - TITLE STATEMENT
Title New Trends in Risk Management
Statement of responsibility, etc. Pravin Kumar Tayal
250 ## - EDITION STATEMENT
Edition statement 1st
260 ## - PUBLICATION, DISTRIBUTION, ETC.
Place of publication, distribution, etc. Jaipur
Name of publisher, distributor, etc. Deepak Parnami R B S A
Date of publication, distribution, etc. 2007
300 ## - PHYSICAL DESCRIPTION
Extent 180p
500 ## - GENERAL NOTE
General note Paper cover
942 ## - ADDED ENTRY ELEMENTS (KOHA)
Institution code [OBSOLETE] NBS
Koha item type Book
Call number prefix 658.155 TAY
Holdings
Withdrawn status Lost status Damaged status Not for loan Permanent Location Current Location Date acquired Total Checkouts Full call number Barcode Date last seen Date last checked out Price effective from Koha item type
        Central Library (CL) Central Library (CL) 08/28/2013 1 658.155 TAY NBS8355 07/24/2017 09/08/2015 08/28/2013 Book
© 2023 Central Library, National University of Sciences and Technology. All Rights Reserved.